Τα διεθνή πρότυπα ελέγχου των οικονομικών καταστάσεων των επιχειρήσεων που εφαρμόζουν τα διεθνή πρότυπα χρηματοοικονομικής αναφοράς (ΔΠΧΑ): διατριβή
Αποθηκεύτηκε σε:
| Κύριος συγγραφέας: | |
|---|---|
| Συγγραφή απο Οργανισμό/Αρχή: | |
| Άλλοι συγγραφείς: | |
| Μορφή: | Thesis Βιβλίο |
| Γλώσσα: | Greek |
| Δημοσίευση: |
2015.
|
| Θέματα: | |
| Διαθέσιμο Online: | http://hdl.handle.net/11610/10859 |
| Ετικέτες: |
Προσθήκη ετικέτας
Δεν υπάρχουν, Καταχωρήστε ετικέτα πρώτοι!
|
MARC
| LEADER | 00000cam a2200000 a 4500 | ||
|---|---|---|---|
| 001 | 1/116284 | ||
| 008 | 180419s2015####gr | ||| |||| ||gre|| | ||
| 040 | |a GR-MyUa |b gre |c GR-MyUa |e AACR2 | ||
| 041 | 0 | |a gre | |
| 082 | 7 | |a 657.45 |2 (23) | |
| 100 | 1 | |a Παναγιωτοπούλου, Μαργαρίτα. | |
| 245 | 1 | |a Τα διεθνή πρότυπα ελέγχου των οικονομικών καταστάσεων των επιχειρήσεων που εφαρμόζουν τα διεθνή πρότυπα χρηματοοικονομικής αναφοράς (ΔΠΧΑ): |b διατριβή/ |c Παναγιωτοπούλου Μαργαρίτα; επιβλέπουσα Ρογδάκη Ελένη. | |
| 260 | |c 2015. | ||
| 300 | |a 284 σ.: |b διαγρ., πίν.; |c 30 εκ. | ||
| 500 | |a Μέλη συμβουλευτικής επιτροπής: Μπεκιάρης Μιχαήλ, Ανδρικόπουλος Ανδρέας, Βασιλείου Δημήτριος, Ηρειώτης Νικόλαος, Ζούντα Στέλλα, Μπάλιος Δημήτριος. | ||
| 502 | |a Διατριβή (διδακτορική) - Πανεπιστήμιο Αιγαίου, Χίος, 2015. | ||
| 504 | |a Περιλαμβάνει βιβλιογραφία. | ||
| 650 | 0 | |a Auditing |x Standards. | |
| 650 | 0 | |a Auditing, Internal. | |
| 700 | 1 | |a Ρογδάκη, Ελένη, |e dgsf [Επιβλέπουσα καθηγήτρια] | |
| 710 | 1 | |a Πανεπιστήμιο Αιγαίου |b Σχολή Επιστημών της Διοίκησης |b Τμήμα Διοίκησης Επιχειρήσεων - Τ.Δ.Ε. | |
| 852 | |a INST |b CHIOS |c DIATR |e 20180420 |h 657.45 ΠΑΝ |p 005200038033 |q 005200038033 |t PHD |y 23 | ||
| 856 | |u http://hdl.handle.net/11610/10859 | ||
| 924 | |a Παναγιωτοπούλου |b Μαργαρίτα |y Χίος |z 11-03-2015 | ||
| 970 | |a Παροικάκη |b Βασιλική |z 20-04-2018 | ||